| 000 | 00783nam a22002177a 4500 | ||
|---|---|---|---|
| 005 | 20100812135746.0 | ||
| 010 | _aENG-100042 | ||
| 020 |
_a9789380173856 _c110.00 |
||
| 035 | _aEN-83574 | ||
| 037 | _bDBAD/PUB | ||
| 082 | _a005.1 | ||
| 100 |
_aNagarathinam, T. _913315 |
||
| 245 |
_aSoftware testing with practices / _cby T.Nagarathinnam |
||
| 260 |
_aKoradacherry _bAruma Publications _c2009 |
||
| 270 |
_a35,Gandhi Colony _bKoradacherry _e613703 |
||
| 300 |
_a309p. _c20cm (pbk) |
||
| 500 | _aIncludes bibliograhical references and index | ||
| 650 |
_aComputer software-testing _913316 |
||
| 942 |
_2ddc _cEN _h005.1 _mNAG |
||
| 999 |
_c41353 _d41353 |
||